Lízing a rozvoj podnikateľských subjektov diplomová práca

Na minha lista:
Detalhes bibliográficos
Autor principal: Žoldáková, Mária
Autor Corporativo: Ekonomická univerzita v Bratislave. Fakulta podnikového manažmentu
Outros Autores: Strieška, Ľubomír
Formato: Livro
Idioma:eslovaco
Publicado em: Bratislava 2010
Tags: Adicionar Tag
Sem tags, seja o primeiro a adicionar uma tag!

MARC

LEADER 00000nam a2200000 4500
001 0122470
005 20240318122523.7
041 0 |a slo 
044 |a SK 
245 1 0 |a Lízing a rozvoj podnikateľských subjektov  |b diplomová práca  |c Mária Žoldáková ; škol. Ľubomír Strieška 
264 1 |a Bratislava  |c 2010 
300 |a 72 s. 
100 1 |a Žoldáková, Mária 
700 1 |a Strieška, Ľubomír 
710 2 |a Ekonomická univerzita v Bratislave. Fakulta podnikového manažmentu